| 000 | 00409cam a2200169ua 4500 | ||
|---|---|---|---|
| 001 | 7709 | ||
| 008 | 060101n II |||gr||||Z||||||eng | ||
| 040 | _aMAIN | ||
| 041 | _aEnglish | ||
| 082 | _a082 MIL | ||
| 100 | _aMILLS , MOFFALL. | ||
| 245 | _aREPORT ON THE PROVINCE OF ASSAM | ||
| 260 |
_aGAUHATI: _bASSAM PUBLICATION BOARD, _c1984. |
||
| 300 | _a697. | ||
| 653 | _aCollections in English | ||
| 942 | _cBK | ||
| 999 |
_c7694 _d7694 |
||